| 000 | 00857cam a2200253 i 4500 | ||
|---|---|---|---|
| 008 | |||
| 020 | _a9781137509864 (hbk.) | ||
| 049 | _aMAIN | ||
| 090 |
_aZA3075 _bFOR |
||
| 245 | 0 | 0 |
_aFormulating research methods for information systems / _cedited by Leslie P. Willcocks ; Chris Sauer and Mary C. Lacity. |
| 264 | 1 |
_aNew York, NY : _bPalgrave Macmillan, _c2016. |
|
| 300 |
_aviii, 357 p. : _bill. ; _c23 cm. |
||
| 504 | _aIncludes bibliographical references. | ||
| 650 | 0 |
_aInformation storage and retrieval systems _xResearch. |
|
| 650 | 0 |
_aDatabase searching _xResearch. |
|
| 700 | 1 | _aWillcocks, Leslie. | |
| 700 | 1 | _aSauer, Chris. | |
| 700 | 1 | _aLacity, Mary Cecelia. | |
| 907 |
_a.b10392440 _b20-09-18 _c20-09-18 |
||
| 003 | |||
| 005 | 20230123141124.0 | ||
| 040 | _cNUST | ||
| 942 |
_cBOOKS _kZA3075 _mFOR |
||
| 999 |
_c168062 _d168062 |
||